000 00434nmm a2200157Ia 4500
008 251105s9999||||xx |||||||||||||||||und||
020 _a9789587714289
041 _aspa
100 _aGeli, Pautt
245 0 _aLiderazgo directivo
264 _a[Bogotá, Colombia] :
_bEcoe Ediciones,
_c2016
300 _a162 páginas
650 _aEconomics and Business
856 _uhttps://public.digitaliapublishing.com/a/70633
942 _cCF
999 _c96229
_d96229